New action 1º medio: guía didáctica para el profesor
Guardat en:
| Autors principals: | , , , |
|---|---|
| Format: | Llibre |
| Idioma: | anglès |
| Publicat: |
Santiago
Cal y Canto
2006
|
| Edició: | 1a. ed |
| Matèries: | |
| Etiquetes: |
Afegir etiqueta
Sense etiquetes, Sigues el primer a etiquetar aquest registre!
|
MARC
| LEADER | 00000nam a2200000 a 4500 | ||
|---|---|---|---|
| 001 | UCK9662 | ||
| 003 | CL-VaPUC | ||
| 008 | 060519e20060000CL |||||||||||||||||eng|d | ||
| 020 | |a 9567602948 | ||
| 082 | 0 | 4 | |a 420.712 |b PRO |2 21 |
| 100 | 0 | |a Prodromou, Luke |e author |9 499469 | |
| 700 | 0 | |a Morel Cintolesi, Alejandra |e author |9 499470 | |
| 700 | 0 | |a Caro Opazo, Gloria |e author |9 499471 | |
| 700 | 0 | |a Sepúlveda Leiva, María Teresa |e author |9 499472 | |
| 245 | 1 | 0 | |a New action 1º medio: guía didáctica para el profesor |
| 250 | |a 1a. ed | ||
| 300 | |a 126 p | ||
| 942 | |c BK | ||
| 945 | |d 20060519 00:00:00 |a cmena | ||
| 260 | |a Santiago |b Cal y Canto |c 2006 | ||
| 500 | |a Complementario con cassette y Texto para el estudiante | ||
| 650 | 0 | |a Enseñanza del inglés |9 367340 | |
| 650 | 0 | |a Lengua inglesa |9 318842 | |
| 650 | 0 | |a Libros de texto |9 270019 | |
| 583 | |a last modification |c 20170605 03:40:38 |k Rodrigo Vera | ||
| 999 | |c 316741 |d 316739 | ||
| 952 | |0 0 |1 0 |4 0 |6 420_712000000000000_PRO_2006 |7 0 |8 A |9 391690 |a BIBEDU |b BIBEDU |d 2019-11-22 |i 4234480 |o 420.712 PRO 2006 |p 4234480 |r 2019-11-22 |w 2019-11-22 |y BK |k LIT | ||
| 952 | |0 0 |1 0 |4 0 |6 420_712000000000000_PRO_2006 |7 0 |8 A |9 391691 |a BIBEDU |b BIBEDU |d 2019-11-22 |i 4234499 |o 420.712 PRO 2006 |p 4234499 |r 2019-11-22 |w 2019-11-22 |y BK |k LIT | ||
| 952 | |0 0 |1 0 |4 0 |6 420_712000000000000_PRO_2006 |7 0 |8 A |9 391692 |a FDOPOS |b FDOPOS |d 2019-11-22 |i 4267613 |o 420.712 PRO 2006 |p 4267613 |r 2025-01-22 |w 2019-11-22 |y BK |k MLA | ||